Laboratorios químicos y biológicos (Record no. 140018)

MARC details
000 -LEADER
campo de control de longitud fija 00576nam a2200181 4500
001 - NÚMERO DE CONTROL
campo de control 140018
003 - IDENTIFICADOR DE NÚMERO DE CONTROL
campo de control ES-MaACL
005 - FECHA Y HORA DE LA ÚLTIMA TRANSACCIÓN
campo de control 20230906195956.0
007 - CAMPO FIJO DE DESCRIPCIÓN FÍSICA--INFORMACIÓN GENERAL
campo de control de longitud fija t|
008 - DATOS DE LONGITUD FIJA--INFORMACIÓN GENERAL
campo de control de longitud fija 070214s1973 sp r ||||1| spa d
100 1# - ENTRADA PRINCIPAL--NOMBRE DE PERSONA
Nombre de persona Schramm, Werner.
9 (RLIN) 104686
245 10 - MENCIÓN DEL TÍTULO
Título Laboratorios químicos y biológicos
Resto del título : proyecto, construcción, instalaciones /
Mención de responsabilidad, etc. Werner Schramm ; versión de Blanca Bermejo.
250 ## - MENCION DE EDICION
Mención de edición 1ª. ed.
260 ## - PUBLICACIÓN, DISTRIBUCIÓN, ETC.
Lugar de publicación, distribución, etc. Barcelona :
Nombre del editor, distribuidor, etc. Blume,
Fecha de publicación, distribución, etc. 1973.
300 ## - DESCRIPCIÓN FÍSICA
Extensión 414 p. :
Otras características físicas il. ;
Dimensiones 30 cm.
700 1# - ENTRADA AGREGADA--NOMBRE PERSONAL
Nombre de persona Bermejo, Blanca.
9 (RLIN) 28083
852 ## - LOCALIZACIÓN
Ubicación ES-MaACL
Número de control de estantería C-52295
Sublocalización o colección R.85527
Holdings
Estatus retirado Estado de pérdida Estado de daño No para préstamo Biblioteca de origen Biblioteca actual Ubicación en estantería Fecha de adquisición Fuente de adquisición Total de préstamos Signatura topográfica completa Código de barras Visto por última vez Precio de reemplazo Tipo de ítem Koha
        Biblioteca del Ateneo de Madrid Biblioteca del Ateneo de Madrid Depósito 2 17/01/2008     C-52295 1145708 23/02/2023 23/02/2023 Libro impreso